000 00509nam a22001937a 4500
005 20231004095631.0
008 200318b xxu||||| |||| 00| 0 eng d
020 _a9789385606175
_c₹ 350
040 _beng
041 _aEnglish
082 _aF
_bRAM
100 _aRamanujan, Molly Daniels
245 _aThe salt doll
_cMolly Daniels Ramanujan
260 _aNew Delhi
_bWomen Unlimited (Kali for Women)
_c2018
300 _a205p
_b24 cm
650 _aFiction in English
850 _aLCLIB
942 _cBK
999 _c42719
_d93198